02141nam a2200421 i 450000100060000000300080000600500170001400600190003100700150005000800410006502000450010602000390015103500220019004000310021205000210024308200160026411101060028024502460038625000230063226401070065530000580076233600310082033700330085133800430088450001010092758800830102859001620111163000890127365000400136265000290140265000520143165100630148365100480154665500270159479700180162185600630163999900170170221089FINmELB20241216213910.0m o u cr cn|||||||||220405s2017 mx a o 000 0 spa d a9786076281864q(versión electrónica) z9786076281291q(versión impresa) a(OCoLC)1105457110 aFINmELBbspaerdacFINmELB 0aHC95b.I584 201700a337.1/72232 aTLCAN Veinte Años Después: Una Mirada desde el PIERAN (Conferencia)d(2014 :cCiudad de México)10aIntegración en América del Norte (1994-2016) :breflexiones desde el PIERAN /ccoordinadores, Marta Tawil Kuri, Ismael Aguilar Barajas, Noé Arón Fuentes Flores, Juan Antonio Le Clercq, Silvia Núñez García, Lorena Ruano Gómez. aPrimera edición. 1aCiudad de México :bEl Colegio de México, Centro de Estudios Lingüísticos y Literarios,c2017. a1 recurso en línea (560 páginas) :bilustraciones atextobtxt2rdacontent/spa acomputadorabc2rdamedia/spa arecurso en líneabcr2rdacarrier/spa a"UNAM, CISAN, CIDE, Tecnológico de Monterrey, El Colegio de la Frontera Norte, UDLAP, PIERAN". aDescripción basada en metadatos suministrados por el editor y otras fuentes. aRecurso electrónico. Santa Fe, Arg.: elibro, 2022. Disponible vía World Wide Web. El acceso puede estar limitado para las bibliotecas afiliadas a elibro.00aTratado de Libre Comercio de América del Norted(Diciembre 17 de 1992)vCongresos. 0aInternational economic integration. 0aInternational relations. 4aLibre comerciozAmérica del NortevCongresos. 4aAmérica del NortexIntegración económicavCongresos. 4aAmérica del NortexRelacionesvCongresos. 4aLibros electrónicos.2 aelibro, Corp.40uhttps://elibro.net/ereader/politecnicointernacional/194969 c21089d21089